Deadpool & Wolverine / directed by Shawn Levy ; produced by Kevin Feige, Lauren Shuler Donner ; written by Ryan Reynolds, Rhett Reese, Paul Wernick, Zeb Wells. (Record no. 20954)

000 -LEADER
fixed length control field 01540nam a22003257a 4500
008 - FIXED-LENGTH DATA ELEMENTS--GENERAL INFORMATION
fixed length control field 250528b xxu||||| |||| 00| 0 eng d
040 ## - CATALOGING SOURCE
Original cataloging agency Cagayan State University
Description conventions RDA
082 ## - DEWEY DECIMAL CLASSIFICATION NUMBER
Classification number 791.4372
Item number D2785 2024
245 ## - TITLE STATEMENT
Title Deadpool & Wolverine / directed by Shawn Levy ; produced by Kevin Feige, Lauren Shuler Donner ; written by Ryan Reynolds, Rhett Reese, Paul Wernick, Zeb Wells.
260 ## - PUBLICATION, DISTRIBUTION, ETC. (IMPRINT)
Place of publication, distribution, etc United States :
Name of publisher, distributor, etc Walt Disney Studios,
Date of publication, distribution, etc 2024.
300 ## - PHYSICAL DESCRIPTION
Extent 1 videofile (ca. 128 mins.) :
Other physical details sound, color
520 ## - SUMMARY, ETC.
Summary, etc In this multiverse story Deadpool is approached by a man named Paradox who intends on vaporizing his entire universe because apparently it’s not supposed to go on living without the now deceased hero Wolverine. Deadpool kidnaps another version of Wolverine to replace but this only results in Paradox banishing both Deadpool and Wolverine.
521 ## - TARGET AUDIENCE NOTE
Target audience note Rated R for strong bloody violence and language throughout, gore and sexual references.
546 ## - LANGUAGE NOTE
Language note In English subtitles.
650 ## - SUBJECT ADDED ENTRY--TOPICAL TERM
Topical term or geographic name as entry element Superhero.
650 ## - SUBJECT ADDED ENTRY--TOPICAL TERM
Topical term or geographic name as entry element Action.
650 ## - SUBJECT ADDED ENTRY--TOPICAL TERM
Topical term or geographic name as entry element Adventure.
700 ## - ADDED ENTRY--PERSONAL NAME
Personal name Reynolds, Ryan, star.
700 ## - ADDED ENTRY--PERSONAL NAME
Personal name Jackman, Hugh, star.
700 ## - ADDED ENTRY--PERSONAL NAME
Personal name Corrin, Emma, star.
700 ## - ADDED ENTRY--PERSONAL NAME
Personal name Baccarin, Morena, star.
700 ## - ADDED ENTRY--PERSONAL NAME
Personal name Delaney, Rob, star.
700 ## - ADDED ENTRY--PERSONAL NAME
Personal name Uggams, Leslie, star.
700 ## - ADDED ENTRY--PERSONAL NAME
Personal name Stanford, Aaron, star.
700 ## - ADDED ENTRY--PERSONAL NAME
Personal name Macfadyen, Matthew, star.
700 ## - ADDED ENTRY--PERSONAL NAME
Personal name Richmond, George, cinematographer.
700 ## - ADDED ENTRY--PERSONAL NAME
Personal name Zimmerman, Dean, editor.
700 ## - ADDED ENTRY--PERSONAL NAME
Personal name Reid, Shane, editor.
942 ## - ADDED ENTRY ELEMENTS (KOHA)
Source of classification or shelving scheme
Item type Audio-Visual Materials
Holdings
Source of acquisition Price effective from Permanent location Date last seen Not for loan Date acquired Source of classification or shelving scheme Koha item type Collection code Shelving location Damaged status Lost status Withdrawn status Current location Full call number
Donation2025-05-28Cagayan State University - Carig Library2025-05-28 2025-05-28 Audio-Visual MaterialsElectronic Media CenterElectronic Media Center   Cagayan State University - Carig Library791.4372 D2785 2024

Cagayan State University University Library, Carig Campus
Tuguegarao City, Cagayan 3500 | www.csucarig.edu.ph

Powered by Koha